000 01491naa a22003257a 4500
001 BR2018000820
003 BR-BrBNA
005 20240918181941.0
007 ta
008 230509b bl.||||| |||| 00| 0 por d
040 _aBR-BrBNA
_bpor
_cBiblioteca Nacional de Agricultura
041 _a(Pt)
072 _aL02
_b5213
090 _aL02 BR2018000820
100 1 _aResende, F.D. de
100 1 _aDias, R.S.
100 1 _aFaria, M.H. de
245 1 _aStatus nutricional na recria e engorda : impacto sobre o rendimento e qualidade da carcaça
111 1 _a3. Encontro da Gestão Competitiva para a Pecuária
_cJaboticabal, SP (Brazil)
_d4-6 Aug 2005
260 3 _aJundiaí, SP (Brasil):
_c2005.
500 _aCoan, R.M. (ed.); Turco, C. de P.; Rosa, F.R. (ed.); Torres Junior, A. de M.(ed.); Freitas, D. de (ed.) 3. gestão competitiva para a pecuária Jundiaí, SP (Brasil): 2005. p. 47-75 (BR2018000820-AM)L02
650 _aGADO DE CORTE
650 _aNUTRIÇÃO ANIMAL
650 _aABATE
650 _aENGORDA
650 _aGANHO DE PESO
773 0 _t3. gestão competitiva para a pecuária
_aCoan, R.M. (ed.); Turco, C. de P.; Rosa, F.R. (ed.); Torres Junior, A. de M.(ed.); Freitas, D. de (ed.). Fundação de Apoio ao Ensino e Pesquisa, Jaboticabal, SP (Brasil)Scot Consultoria, Bebedouro, SP (Brasil)PlanGesPec, Jaboticabal, SP (Brasil)
_wL02 BR2018000820
_gJundiaí, SP (Brasil), 2005. p. 47-75
909 _a202404
_bLucia
_c55
_dLucia Elande
942 _cAM
_2AGRIS
999 _c327667
_d327667